nauka angielskiego #1 - Statystyki

Ogólne statystyki
  • Ten quiz został rozwiązany 1 719 razy
  • Średni wynik to 19 z 31
Statystyki odpowiedzi
słowa tłumaczenie % Poprawnych
jabłko apple
100%
pomarańcza orange
98%
truskawka strawberry
95%
mango mango
90%
buty shoes
89%
drzewo tree
84%
morze sea
83%
lekarz doctor
82%
cytryna lemon
82%
jezioro lake
80%
marchewka carrot
73%
słońce sun
72%
księżyc moon
71%
gwiazda star
69%
spodnie trousers
69%
chmura cloud
64%
prawnik lawyer
60%
planeta planet
59%
aktorka actress
54%
grawitacja gravity
54%
czarna dziura black hole
49%
brokuł broccoli
45%
atmosfera atmosphere
40%
krzak bush
37%
galaktyka galactic
37%
sweter sweter
35%
psycholog psychologist
34%
sekretarz secretary
34%
żurawina cranberry
33%
kalafior cauliflower
20%
meteoryt meteorite
14%
Nie znaleziono quizów pasujących do podanych kryteriów
Rozkład punktacji
Procent ludzi z każdym wynikiem
Percentyl według liczby udzielonych odpowiedzi
Twoja historia wyników
Nie rozwiązałeś tego quizu